Top 26 FIFA 11 Player Ratings - Statistiken

Allgemein
  • Dieses Quiz wurde 180 mal gespielt
  • Das Durchschnittsergebnis liegt bei 15 aus 26
Antwortstatistiken
OVR Ratings Club Antwort % Korrekt
89 Real Madrid Cristiano Ronaldo
100%
90 FC Barcelona Lionel Messi
99%
88 Manchester United Wayne Rooney
87%
87 FC Barcelona Andrés Iniesta
85%
87 FC Barcelona Xavier Hernández Creus
84%
88 FC Chelsea Didier Drogba
79%
87 FC Bayern München Arjen Robben
76%
86 FC Bayern München Franck Ribéry
76%
89 Real Madrid Casillas
73%
86 FC Bayern München Philipp Lahm
62%
87 FC Chelsea Frank Lampard
60%
86 FC Liverpool Steven Gerrard
60%
87 FC Barcelona Carles Puyol
59%
86 Juventus Turin Gianluigi Buffon
55%
86 FC Liverpool Fernando Torres
54%
86 Real Madrid Kaka
52%
88 FC Barcelona David Villa
47%
86 Inter Diego Milito
47%
86 Inter Wesley Sneijder
38%
86 FC Chelsea John Terry
36%
87 Atletico Madrid Diego Forlán
34%
87 Manchester United Nemanja Vidić
34%
87 Inter Julio Cesar
31%
86 Arsenal Cesc Fàbregas
27%
86 Inter Maicon
24%
86 Manchester City Carlos Tévez
23%
Keine übereinstimmenden Quizze gefunden
Verteilung der Resultate
Anzahl Personen mit jedem Resultat
Perzentil nach korrekt beantworteten Fragen
Ihre Resultats-Entwicklung
Sie haben dieses Quiz noch nicht gespielt